000 00485nam a2200193Ia 4500
008 131103s9999 xx 000 0 und d
020 _a99808404
040 _aLoreto College
041 _aEnglish
082 _aF/REN
_bLCBED/11330
100 _aRendell, Ruth
245 _aGoing wrong
_cRuth Rendell
260 _aLondon
_bArrow books
_c1979
300 _a250p.
_c 18 cm.
650 _aEnglish - fiction
651 _aEnglish literature
850 _aLCBED/F/REN
942 _cBK
999 _c32979
_d83458